El carnicero y el Patrón: la conexión oculta entre Pablo Escobar y Klaus Barbie /

Enregistré dans:
Détails bibliographiques
Auteur principal: Miranda, Boris
Format: Texte
Tags: Ajouter un tag
Pas de tags, Soyez le premier à ajouter un tag!

MARC

LEADER 00000 a a2200000 04500
001 48774
003
040
100 |a Miranda, Boris  
245 |a El carnicero y el Patrón:   |b la conexión oculta entre Pablo Escobar y Klaus Barbie /  |c Boris Miranda  
773 |a número257, (2015), páginas 138-152  
999 |c 35498  |d 35498